书目信息 |
| 题名: |
中国绘本阅读地图
|
|
| 作者: | 《中国绘本阅读地图》编委会编 | |
| 分册: | ||
| 出版信息: | 西安 未来出版社 2016 |
|
| 页数: | 392页 | |
| 开本: | 21cm | |
| 丛书名: | ||
| 单 册: | ||
| 中图分类: | G252.17 | |
| 科图分类: | ||
| 主题词: | 儿童--阅读辅导--社会团体--概况--中国--现代 | |
| 电子资源: | ||
| ISBN: | 978-7-5417-5888-1 | |
| 000 | 00749nam0 2200205 450 | |
| 001 | 417682 | |
| 005 | 20180527225007.24 | |
| 010 | @a978-7-5417-5888-1@b精装@dCNY68.00 | |
| 100 | @a20160606d2016 em y0chiy50 ea | |
| 101 | 0 | @achi |
| 102 | @aCN@b610000 | |
| 105 | @aa z 000yd | |
| 200 | 1 | @a中国绘本阅读地图@9zhong guo hui ben yue du di tu@f《中国绘本阅读地图》编委会编 |
| 210 | @a西安@c未来出版社@d2016 | |
| 215 | @a392页@c彩照@d21cm | |
| 330 | @a本书分为六个部分,通过现场访问、电话访谈等方式,调查了解了目前中国民间阅读机构的基本情况,收录了全国各地优秀绘本馆、阅读推广人、绘本出版品牌等资讯。 | |
| 606 | 0 | @a儿童@x阅读辅导@x社会团体@x概况@y中国@z现代 |
| 690 | @aG252.17@v5 | |
| 801 | 0 | @aCN@b91MARC@c20160804 |
| 905 | @aMuseLib@dG252.17@e111 | |
| 中国绘本阅读地图/《中国绘本阅读地图》编委会编.-西安:未来出版社,2016 |
| 392页:彩照;21cm |
| ISBN 978-7-5417-5888-1(精装):CNY68.00 |
| 本书分为六个部分,通过现场访问、电话访谈等方式,调查了解了目前中国民间阅读机构的基本情况,收录了全国各地优秀绘本馆、阅读推广人、绘本出版品牌等资讯。 |
| ● |
| 相关链接 |
|
|
|
|
正题名:中国绘本阅读地图
索取号:G252.17/111
 
预约/预借
| 序号 | 登录号 | 条形码 | 馆藏地/架位号 | 状态 | 备注 |
| 1 | 1112411 | 211124111 | 第一样本阅览室/ [索取号:G252.17/111] | 在馆 | |
| 2 | 1112412 | 211124120 | 教育系资料室/ [索取号:G252.17/111] | 在馆 | |
| 3 | 1112413 | 211124139 | 教育系资料室/ [索取号:G252.17/111] | 在馆 | |
| 4 | 1112414 | 211124148 | 第四借阅区/ [索取号:G252.17/111] | 在馆 |